Najchętniej odwiedzane sklepy w Polsce - Statystyki

Ogólne statystyki
  • Ten quiz został rozwiązany 173 razy
  • Średni wynik to 2 z 10
Statystyki odpowiedzi
Miejsce Nazwa sklepu % Poprawnych
7 Lidl
93%
1 Allegro
29%
4 Rossmann
25%
6 Ikea
19%
5 Empik
16%
2 Nike
15%
3 Adidas
14%
8 Hebe
14%
10 Zalando
6%
9 4F
5%
Nie znaleziono quizów pasujących do podanych kryteriów
Rozkład punktacji
Procent ludzi z każdym wynikiem
Percentyl według liczby udzielonych odpowiedzi
Twoja historia wyników
Nie rozwiązałeś tego quizu